000 00809nam a22002417a 4500
999 _c2194
_d2194
003 AR-CdUCM
008 190304b ||||| |||| 00| 0 spa d
040 _aMUNICIPALIDAD PROVINCIAL DEL CUSCO
_cBIBLIOTECA MUNICIPAL DEL CUSCO
041 _heng
082 _a920 /
_bP34
100 _aPearson, Hesketh
_97918
245 _aOscar Wildé :
_bSu vida y su ingenio /
260 _aMéxico D. F. :
_bGrijalbo,
_c1958.
300 _a347 páginas ;
_bilustraciones,
_c22 cm.
440 _aBiografías Gandesa.
_94521
505 _aContenido: Los padres -- El muchacho -- El estudiante de Oxford -- El actor -- El escenario ...
650 _aHistoria
_9136
650 _aBiografía
_922
650 _aAmigos íntimos
_97919
700 _aLuelmo, Julio (traducción)
_97920
942 _2ddc
_cLIBROS
945 _aachl